Ādhunika pragīta-kāvya. (Record no. 68966)

MARC details
000 -LEADER
fixed length control field 00652cam a22002411 4500
001 - CONTROL NUMBER
control field sa 66003575
003 - CONTROL NUMBER IDENTIFIER
control field DLC
005 - DATE AND TIME OF LATEST TRANSACTION
control field 20260227112237.0
008 - FIXED-LENGTH DATA ELEMENTS--GENERAL INFORMATION
fixed length control field 891010s1965 ii b 000 0 hino
010 ## - LIBRARY OF CONGRESS CONTROL NUMBER
LC control number sa 66003575
035 ## - SYSTEM CONTROL NUMBER
System control number (OCoLC)20463427
040 ## - CATALOGING SOURCE
Original cataloging agency DLC
Transcribing agency WaU
Modifying agency DLC
042 ## - AUTHENTICATION CODE
Authentication code premarc
050 00 - LIBRARY OF CONGRESS CALL NUMBER
Classification number PN1356
Item number .K47
100 1# - MAIN ENTRY--PERSONAL NAME
Personal name Khare, Gaṇeśa,
Dates associated with a name 1937-
245 10 - TITLE STATEMENT
Title Ādhunika pragīta-kāvya.
260 ## - PUBLICATION, DISTRIBUTION, ETC.
Date of publication, distribution, etc. [1965]
300 ## - PHYSICAL DESCRIPTION
Extent 413 p.
Dimensions 25 cm.
500 ## - GENERAL NOTE
General note In Hindi.
500 ## - GENERAL NOTE
General note A revision of the author's thesis, Saugar University.
504 ## - BIBLIOGRAPHY, ETC. NOTE
Bibliography, etc. note Bibliographical footnotes.
650 #0 - SUBJECT ADDED ENTRY--TOPICAL TERM
Topical term or geographic name entry element Lyric poetry
General subdivision History and criticism.

No items available.

Powered by Koha